|
|
|
|
| LEADER |
00000naa2a2200000 4500 |
| 001 |
473469 |
| 005 |
20231101092047.0 |
| 035 |
|
|
|a (RuTPU)RU\TPU\prd\139380
|
| 090 |
|
|
|a 473469
|
| 100 |
|
|
|a 20120504a2009 k y0rusy50 ca
|
| 101 |
0 |
|
|a rus
|
| 102 |
|
|
|a RU
|
| 200 |
1 |
|
|a Синтез рациональных профилей зубьев колес плоских зубчатых передач
|f Ан И-Кан
|
| 320 |
|
|
|a Библиогр.: с. 25 (8 назв.)
|
| 461 |
|
0 |
|0 (RuTPU)RU\TPU\prd\97
|x 0042-4633
|t Вестник машиностроения
|o научно-технический и производственный журнал
|d 1943-
|
| 463 |
|
0 |
|0 (RuTPU)RU\TPU\prd\117742
|t № 3
|v С. 23-25
|d 2009
|
| 610 |
1 |
|
|a труды учёных ТПУ
|
| 700 |
|
0 |
|a Ан И-Кан
|c специалист в области теоретической и прикладной механики
|c профессор Томского политехнического университета, доктор технических наук
|2 stltpush
|3 (RuTPU)RU\TPU\pers\29480
|
| 801 |
|
1 |
|a RU
|b 63413507
|c 20120504
|
| 801 |
|
2 |
|a RU
|b 63413507
|c 20140714
|g RCR
|
| 942 |
|
|
|c BK
|